zpět

Detail výsledku týmu

Hospoda Vesnice, Velký Týnec

Datum a čas kvízu

40.5 Celkem bodů Celkový počet nahraných bodů na tomto kvízu bez doplňovacích otázek.
2. Pořadí na kvízu Konečné umístění týmu na tomto kvízu.

Zaznamenané odpovědi

# Otázka Odpověď Body Výsledky
1. Jeden muž dostal nabídku k náv... Miroslav Kalousek 1
2. Jeden z vystupujících v opeře... spadly mu kalhoty 1
3. V sobotu se v Liverpoolu konal... Vesna 1
4. Poslední dny se diskutuje o ch... CBD 0
5. Český hráč Jakub Klajmon slaví... volejbal 0
6. V tomto tématu jsme se probral... bod: D – v hospodě, půlbod: B – na stadionu 1
7. Co na člověku prozradí, že ho... bod: A – zčervená, půlbod: D – má erekci 1
8. Který tanec je sexy? A – lamb... bod: B – tango, půlbod: A – lambada 0.5
9. Doplňte větu: Muži jsou občas... bod: A – láska, půlbod: D – sex 0
10. Z jakého důvodu sáhnete po alk... bod: C – oslava, půlbod: B – stres 1